| 000 | 00532nam a22001937a 4500 | ||
|---|---|---|---|
| 005 | 20251108174728.0 | ||
| 008 | 250721s2002 xx 000 0 eng d | ||
| 020 | _a786809108 | ||
| 082 | 1 | 4 | _aJ/F/FEI technology |
| 100 | 1 |
_afeiffer, jules _eAUTH. |
|
| 245 | 1 | 4 | _aThe House Across The Street / |
| 264 | 1 |
_aد.م : _bmichael di capua books, _c2002. |
|
| 300 | _a[30 P] | ||
| 650 | 1 | 7 | _aFICTION |
| 650 | 1 | 7 | _aCHILDREN |
| 653 | _aاطفال مرحله متوسطه ( 6 - 9 سنوات ) | ||
| 942 |
_2ddc _cBK |
||
| 999 |
_c116522 _d116522 |
||